000 00324nam a2200133Ia 4500
008 220530s9999 xx 000 0 und d
020 _a8126622571
040 _aeng
100 _aIGNOU
_960637
245 _aPEDIATRIC NSG. BNSL-107
250 _aFIRST
260 _aNAGPUR
_bIGNOU
_c2004
650 _aCHILD HEALTH NURSING
_960638
999 _c2211
_d2211